| 000 | 00817nam a2200229 a 4500 | ||
|---|---|---|---|
| 008 | 120416s2000 ||||||||||||||||| || u | ||
| 020 | _a0471333336 | ||
| 050 | _aTD 889 Air | ||
| 100 | _aDavies, Wayne, T | ||
| 245 | 1 | 0 | _aAir pollution engineering manual |
| 246 | _aeditor, Wayne T. Davis | ||
| 250 | _a2nd ed. | ||
| 260 |
_aNew York _bJohn Wiley and Sons _c2000 |
||
| 300 | _axxi, 886p. : ill. | ||
| 350 | _a0.00 | ||
| 650 | _aTEXTBOOKS | ||
| 650 | _aPOLLUTION | ||
| 856 | _uhttp://www.loc.gov/catdir/description/wiley035/99056637.html | ||
| 856 | _uhttp://www.loc.gov/catdir/bios/wiley043/99056637.html | ||
| 856 | _uhttp://www.loc.gov/catdir/toc/onix06/99056637.html | ||
| 995 |
_D0.00 _FCBU-MAIN LIBRARY (Kitwe) _H1 _I40.00 _M1 _UREFERENCE _ZReference Collection |
||
| 999 |
_c34034 _d34034 |
||